Cette année-là: 1828 - Statistiques

Statistiques générales
  • Ce quiz a été pris 10 fois
  • Le résultat moyen est 3 sur 10
Statistiques - réponses
Indice Réponse % Correct
20 avril: L'explorateur René Caillé arrive dans cette célèbre ville malienne Tombouctou
90%
5 novembre: Le duc Decazes installe des mines dans un lieu dit qui deviendra une ville du nom de... Decazeville
50%
9 janvier: Adversaire de Napoléon, je deviens premier ministre Arthur Wellesley, duc de Wellington
40%
9 mai: Les citoyens de cette religion obtiennent les droits civiques en Angleterre Catholiques
40%
6 août: ce pays se retire de Grèce sous la pression Franco-britannique Egypte
20%
Début des réunions de ce club littéraire de Victor Hugo et de ses amis Cénacle
10%
26 mai: Cet énigmatique individu est découvert à Nuremberg Kaspar Hauser
10%
17 août: Une expédition militaire prend le nom de cette province grecque Morée
10%
Décembre: Mary Anning découvre un fossile de cet animal volant Ptérodactyle
10%
22 septembre: Dingaan remplace Tchaka à la tête de ce peuple guerrier Zoulou
10%
Aucun quiz correspondant
Distribution des résultats
% des personnes avec chaque résultat
Percentile par nombre de réponses
Votre historique - résultats
Vous n’avez pas pris ce quiz